History Quiz

Random History or Decade Quiz

Most Populated US States (1790-1880) Quiz Stats

 Plays Quiz Updated Nov 1, 2013

     
Support Sporcle.
Go Orange.
Score 0/100 Timer 02:00
0 Plays Today
Year State % Correct
1820New York
99.3%
1790New York
99.3%
1800New York
99.3%
1810New York
99.3%
1830New York
99.3%
1840New York
99.3%
1850New York
99.3%
1860New York
99.3%
1870New York
99.3%
1880New York
99.3%
1790Virginia
93.8%
1800Virginia
93.8%
1810Virginia
93.8%
1820Virginia
93.8%
1830Virginia
93.8%
1840Virginia
93.8%
1870Virginia
93.8%
1850Virginia
93.7%
1860Virginia
93.7%
1790Pennsylvania
91.8%
1800Pennsylvania
91.8%
1810Pennsylvania
91.8%
1820Pennsylvania
91.8%
1830Pennsylvania
91.8%
1840Pennsylvania
91.8%
1850Pennsylvania
91.8%
1860Pennsylvania
91.8%
1870Pennsylvania
91.8%
1880Pennsylvania
91.8%
1790North Carolina
90.7%
1800North Carolina
90.7%
1810North Carolina
90.7%
1820North Carolina
90.7%
1830North Carolina
90.7%
Year State % Correct
1840North Carolina
90.7%
1850North Carolina
90.7%
1790Massachusetts
88.6%
1800Massachusetts
88.6%
1810Massachusetts
88.6%
1820Massachusetts
88.6%
1830Massachusetts
88.6%
1840Massachusetts
88.6%
1850Massachusetts
88.6%
1860Massachusetts
88.6%
1870Massachusetts
88.6%
1880Massachusetts
88.6%
1830Georgia
88.6%
1840Georgia
88.6%
1850Georgia
88.6%
1800South Carolina
88.4%
1810South Carolina
88.4%
1820South Carolina
88.4%
1830South Carolina
88.4%
1790South Carolina
88.3%
1820Ohio
86.9%
1830Ohio
86.9%
1840Ohio
86.9%
1850Ohio
86.9%
1860Ohio
86.9%
1870Ohio
86.9%
1880Ohio
86.9%
1790New Jersey
81.7%
1800New Jersey
81.7%
1790Maryland
81%
1800Maryland
81%
1810Maryland
81%
1820Maryland
81%
1860Illinois
80.5%
Year State % Correct
1870Illinois
80.5%
1880Illinois
80.5%
1790Connecticut
76.4%
1800Connecticut
76.4%
1810Connecticut
76.4%
1800Kentucky
75.1%
1810Kentucky
75.1%
1820Kentucky
75.1%
1830Kentucky
75.1%
1840Kentucky
75.1%
1850Kentucky
75.1%
1860Kentucky
75.1%
1870Kentucky
75.1%
1880Kentucky
75.1%
1810Tennessee
74.4%
1820Tennessee
74.4%
1830Tennessee
74.4%
1840Tennessee
74.4%
1850Tennessee
74.4%
1860Tennessee
74.4%
1870Tennessee
74.4%
1840Indiana
71.3%
1850Indiana
71.3%
1860Indiana
71.3%
1870Indiana
71.3%
1880Indiana
71.3%
1880Michigan
71.2%
1790New Hampshire
67%
1860Missouri
58.9%
1870Missouri
58.9%
1880Missouri
58.9%
1880Iowa
39%

From the Vault

Which 20th Century Decade?

by strokes_static

History 4m
The 21st century need not apply.
Remove Ads.
Support Sporcle.
Get the best of Sporcle when you Go Orange. This ad-free experience offers more features, more stats, and more fun while also helping to support Sporcle. Thank you for becoming a member.

Show Comments

Extras

Top Quizzes Today


Score Distribution

Your Account Isn't Verified!

In order to create a playlist on Sporcle, you need to verify the email address you used during registration. Go to your Sporcle Settings to finish the process.

Report this User

Report this user for behavior that violates our Community Guidelines.

Details: